000 00461nam a2200157 4500
003 LK-CoMWRAF
005 20240217000043.0
008 231210b |||||||| |||| 00| 0 eng d
040 _aLK-CoMWRAF
_dLK-CoMWRAF
_eLK-CoMWRAF
041 _atam
082 _a297
_bISL
245 _aஇஸ்லாம் கூறும் சமாதானம்
260 _aColombo :
_bMuslim Women's Research and Action Forum - MWRAF,
_c2008
300 _a118 p.
942 _cBK
999 _c4335
_d4335